Sociedades en guerra civil : conflictos violentos de Europa y América Latina /
Este es un libro multidisciplinar en el que colaboran historiadores, sociólogos y politólogos. Primero, se exploran los rasgos característicos de las guerras civiles contemporáneas, analizándolas y reflexionando sobre modos de detenerlas y alcanzar soluciones aceptadas por todas las partes. Luego se...
Gespeichert in:
| 1. Verfasser: | |
|---|---|
| Weitere Verfasser: | |
| Format: | Buch |
| Sprache: | Spanisch |
| Veröffentlicht: |
Barcelona, España :
Paidós,
1999, c1999
|
| Schriftenreihe: | (Paidós Estado y Sociedad ;
75) |
| Schlagworte: | |
| Tags: |
Keine Tags, Fügen Sie das erste Tag hinzu!
|
MARC
| LEADER | 00000nam^a2200000^a^4500 | ||
|---|---|---|---|
| 001 | 000110806 | ||
| 005 | 20250521000000.0 | ||
| 009 | 20260310093808.468 | ||
| 020 | |a 84-493-0778-3 | ||
| 037 | |a Acervo ITESO - Biblioteca | ||
| 041 | |a ESP | ||
| 082 | |a 322. 5 |b WAL | ||
| 100 | |a Waldmann, Peter |e (comp.) | ||
| 245 | 1 | 0 | |a Sociedades en guerra civil : |b conflictos violentos de Europa y América Latina / |c Comp. de P. Waldmann, F. Reinares ; tr. por Rogelio Alonso... [et al.]. |
| 264 | 4 | |a Barcelona, España : |b Paidós, |c 1999, c1999 | |
| 300 | |a 377 p. | ||
| 336 | |a texto |b txt |2 rdacontenido | ||
| 337 | |a sin mediación |b n |2 rdamedio | ||
| 338 | |a volumen |b nc |2 rdasoporte | ||
| 440 | 1 | |a (Paidós Estado y Sociedad ; |v 75) | |
| 520 | |a Este es un libro multidisciplinar en el que colaboran historiadores, sociólogos y politólogos. Primero, se exploran los rasgos característicos de las guerras civiles contemporáneas, analizándolas y reflexionando sobre modos de detenerlas y alcanzar soluciones aceptadas por todas las partes. Luego se estudian diversas experiencias europeas, para finalizar con una parte dedicada a países latinoamericanos. | ||
| 649 | |a XX | ||
| 650 | |a Guerra Civil | ||
| 650 | |a Violencia Política | ||
| 650 | |a Conflicto Social | ||
| 650 | |a Movimientos Políticos | ||
| 650 | |a Fuerzas Armadas | ||
| 650 | |a Pacificación | ||
| 650 | |a Negociación y Mediación | ||
| 650 | |a Política - |x Teoría | ||
| 650 | |a Política - |z Europa - |x Historia - |y Siglo XX | ||
| 650 | |a Política - |z Latinoamérica - |x Historia - |y Siglo XX | ||
| 650 | |a Problemas Sociales | ||
| 650 | |a Sociología - |x Teoría | ||
| 700 | |a Reinares, Fernando |e (compilación) | ||
| 910 | |a Fondo General | ||
| 920 | |a Impresos - Libros | ||
| 930 | |a Colección General | ||
| 905 | |a 101 | ||
| 901 | |a 0500048330 |b IT1 |c ACC |u 20250521 | ||
| 902 | |a https://opac.biblio.iteso.mx/vufind/Record/000110806 | ||